Les 10 chansons les plus streamées de ces artistes ! #3 - Statistiques

Statistiques générales
  • Ce quiz a été pris 35 fois
  • Le résultat moyen est 21 sur 100
Statistiques - réponses
Streams David Guetta % Correct
1,654,167,095 Hello
79%
110,500,977 Bella
70%
2,046,015,633 Rolling in the Deep
67%
953,844,719 Skyfall
52%
2,203,320,823 Someone Like You
52%
1,987,317,441 I’m Good (Blue)
48%
1,299,350,355 I'm Still Standing
48%
1,263,491,619 Say So
48%
1,129,605,582 Not Like Us
45%
1,834,721,503 Titanium
45%
370,587,440 Est-ce que tu m'aimes ? - Pilule bleue
42%
167,790,295 J'me tire
42%
117,508,416 Sapés comme jamais - Pilule bleue
42%
2,361,811,364 good 4 u
39%
2,043,588,482 Easy On Me
36%
2,495,606,260 HUMBLE.
36%
1,265,396,994 vampire
36%
1,302,202,381 Paint The Town Red
33%
830,392,691 Pink Venom
33%
96,091,578 92i veyron
30%
2,026,248,408 All The Stars
30%
2,407,285,713 drivers license
30%
1,066,620,101 Sexy Bitch
30%
655,562,580 One
27%
1,246,015,053 Rocket Man (I Think It's Going To Be A Long, Long Time)
27%
179,434,259 SPIDER
27%
1,820,650,208 Woman
27%
1,012,464,260 Your Song
27%
1,840,656,988 deja vu
24%
900,981,299 Hey Mama
24%
890,217,057 Kill This Love
24%
1,085,961,353 Memories
24%
1,893,450,944 Set Fire to the Rain
24%
132,358,702 SOIS PAS TIMIDE
24%
578,133,234 BOOMBAYAH
21%
2,283,221,171 Cold Heart - PNAU Remix
21%
94,181,601 DKR - Bonus Track
21%
1,609,089,370 Enter Sandman
21%
1,324,038,904 happier
21%
1,106,368,643 How You Like That
21%
1,316,040,085 Nothing Else Matters
21%
72,683,391 Dolce Camara
18%
900,170,822 Don't Go Breaking My Heart
18%
606,954,880 Ice Cream
18%
1,042,415,094 jealousy, jealousy
18%
921,009,446 Love In The Dark
18%
101,747,819 Mona Lisa
18%
70,048,695 Petite fille
18%
74,135,589 Scarface
18%
1,817,510,983 traitor
18%
92,455,074 Validée
18%
1,427,121,614 When We Were Young
18%
899,323,628 All I Want - From "High School Musical: The Musical: The Series”
15%
717,673,356 brutal
15%
750,444,329 DDU-DU DDU-DU
15%
1,260,964,267 favorite crime
15%
657,954,791 Flames
15%
2,035,585,073 Kiss Me More
15%
619,949,773 Lovesick Girls
15%
977,331,851 Master of Puppets
15%
1,742,728,135 Money Trees
15%
1,262,338,689 Need to Know
15%
656,283,310 Say My Name
15%
1,159,957,609 Send My Love (To Your New Lover)
15%
734,939,678 Shut Down
15%
829,388,058 Tiny Dancer
15%
951,157,849 Boss Bitch
12%
490,220,206 Goodbye Yellow Brick Road
12%
138,986,808 La même
12%
907,151,649 PRIDE.
12%
61,356,926 Ridin'
12%
1,233,871,131 Streets
12%
919,807,151 You Right
12%
687,050,986 Agora Hills
9%
1,280,798,865 DNA.
9%
356,387,324 Fade To Black
9%
569,496,043 For Whom The Bell Tolls
9%
52,415,541 Friday
9%
306,019,813 Fuel
9%
418,438,356 Sacrifice
9%
682,940,351 Where Them Girls At
9%
839,334,901 Alright
6%
659,448,203 As If It's Your Last
6%
704,936,180 Baby Don’t Hurt Me
6%
809,908,549 Bitch, Don’t Kill My Vibe
6%
234,622,215 Hola Señorita
6%
459,402,386 Hold Me Closer
6%
67,052,992 JAUNÉ
6%
1,222,430,737 Make You Feel My Love
6%
485,511,557 Pretty Savage
6%
405,554,127 Sad But True
6%
247,387,036 SEYA
6%
593,870,827 The Unforgiven
6%
501,332,032 Whiskey In The Jar
6%
851,580,348 2U
3%
664,128,281 Ain't Shit
3%
105,861,806 Loin - Pilule violette
3%
857,567,148 Swimming Pools (Drank)
3%
502,796,787 Bennie And The Jets
0%
1,527,402,631 LOVE. FEAT. ZACARI.
0%
Aucun quiz correspondant
Distribution des résultats
% des personnes avec chaque résultat
Percentile par nombre de réponses
Votre historique - résultats
Vous n’avez pas pris ce quiz